From Galileo to Modern Economics The Italian Origins of Econophysics /

Empirical laws are rare in economics. This book describes efforts to anchor economic knowledge to invariant empirical laws. It links 17th and 18th century Galilean monetary economists to econophysics, a field that emerged in the mid-1990s. This virtual journey from past to present is charted by epis...

Full description

Bibliographic Details
Main Author: Tusset, Gianfranco (Author, http://id.loc.gov/vocabulary/relators/aut)
Corporate Author: SpringerLink (Online service)
Format: Electronic eBook
Language:English
Published: Cham : Springer International Publishing : Imprint: Palgrave Macmillan, 2018.
Edition:1st ed. 2018.
Subjects:
Online Access:Full Text via HEAL-Link
LEADER 03326nam a2200505 4500
001 978-3-319-95612-1
003 DE-He213
005 20191023151209.0
007 cr nn 008mamaa
008 180908s2018 gw | s |||| 0|eng d
020 |a 9783319956121  |9 978-3-319-95612-1 
024 7 |a 10.1007/978-3-319-95612-1  |2 doi 
040 |d GrThAP 
050 4 |a HC10-1085 
072 7 |a KCZ  |2 bicssc 
072 7 |a BUS069000  |2 bisacsh 
072 7 |a KCZ  |2 thema 
082 0 4 |a 330.1509  |2 23 
100 1 |a Tusset, Gianfranco.  |e author.  |4 aut  |4 http://id.loc.gov/vocabulary/relators/aut 
245 1 0 |a From Galileo to Modern Economics  |h [electronic resource] :  |b The Italian Origins of Econophysics /  |c by Gianfranco Tusset. 
250 |a 1st ed. 2018. 
264 1 |a Cham :  |b Springer International Publishing :  |b Imprint: Palgrave Macmillan,  |c 2018. 
300 |a XI, 210 p. 8 illus.  |b online resource. 
336 |a text  |b txt  |2 rdacontent 
337 |a computer  |b c  |2 rdamedia 
338 |a online resource  |b cr  |2 rdacarrier 
347 |a text file  |b PDF  |2 rda 
505 0 |a 1. Introduction -- 2. Galilean economics -- 3. Engineering economics -- 4. Wealth distribution -- 5. The dynamics of aggregates -- 6. Asset pricing dynamics -- 7. Topological dynamics -- 8. Moving on to econophysics -- 9. Epilogue. 
520 |a Empirical laws are rare in economics. This book describes efforts to anchor economic knowledge to invariant empirical laws. It links 17th and 18th century Galilean monetary economists to econophysics, a field that emerged in the mid-1990s. This virtual journey from past to present is charted by episodes on aggregates and empirical primacy. It includes the virtually unknown story of 19th century scholars who, by searching for a stricter mathematical approach, paved the way to an 'engineering' view of economics. Then there are celebrities like Pareto and his first empirical law governing the distribution of wealth. Pareto and Amoroso sparked a debate on the skewed distribution that spanned decades, ranging from finance to market transformations, to econophysics, with its concepts and tools inherited from statistical physics. The last stage of the journey goes through econophysics and the recent gradual advances it has made, which show how its position vis-à-vis economics has been changing. 
650 0 |a Economic history. 
650 0 |a Economic theory. 
650 0 |a Finance. 
650 0 |a Mathematical physics. 
650 1 4 |a History of Economic Thought/Methodology.  |0 http://scigraph.springernature.com/things/product-market-codes/W28000 
650 2 4 |a Economic Theory/Quantitative Economics/Mathematical Methods.  |0 http://scigraph.springernature.com/things/product-market-codes/W29000 
650 2 4 |a Finance, general.  |0 http://scigraph.springernature.com/things/product-market-codes/600000 
650 2 4 |a Theoretical, Mathematical and Computational Physics.  |0 http://scigraph.springernature.com/things/product-market-codes/P19005 
710 2 |a SpringerLink (Online service) 
773 0 |t Springer eBooks 
776 0 8 |i Printed edition:  |z 9783319956114 
776 0 8 |i Printed edition:  |z 9783319956138 
776 0 8 |i Printed edition:  |z 9783030070700 
856 4 0 |u https://doi.org/10.1007/978-3-319-95612-1  |z Full Text via HEAL-Link 
912 |a ZDB-2-ECF 
950 |a Economics and Finance (Springer-41170)